|
|
|
|
| LEADER |
00946nam a2200253 a 4500 |
| 001 |
2123684 |
| 008 |
970317s1998 nyua b 001 0 eng d |
| 010 |
|
|
|a 97008349
|
| 020 |
|
|
|a 0393971740
|
| 040 |
|
|
|a DLC
|c DLC
|d DLC
|
| 082 |
0 |
0 |
|a 338.9
|2 21
|
| 100 |
1 |
|
|a Jones, Charles I.
|q (Charles Irving)
|
| 245 |
1 |
0 |
|a Introduction to economic growth /
|c Charles I. Jones.
|
| 246 |
3 |
0 |
|a Economic growth
|
| 250 |
|
|
|a 1st ed.
|
| 260 |
|
|
|a New York :
|b W.W. Norton,
|c c1998.
|
| 300 |
|
|
|a xii, 200 p. :
|b ill. ;
|c 24 cm.
|
| 504 |
|
|
|a Includes bibliographical references (p. 185-190) and index.
|
| 541 |
1 |
|
|e 00008098
|
| 650 |
|
0 |
|a Economic development.
|
| 650 |
|
0 |
|a Economic indicators.
|
| 852 |
4 |
|
|a Ayesha Abed Library
|j General Shelf.
|
| 999 |
|
|
|c 5104
|d 5104
|
| 952 |
|
|
|0 0
|1 0
|2 ddc
|4 0
|6 338_900000000000000_JON_1998
|7 0
|9 4957
|a BRACUL
|b BRACUL
|c GEN
|d 2009-11-04
|g 0.00
|l 0
|o 338.9 JON
|p 3010008098
|r 2009-11-04
|t 1
|w 2009-11-04
|y BK
|x No price found in the accession register.
|